|
|
|
|
| LEADER |
01051cam a2200253 7i4500 |
| 001 |
0000058901 |
| 005 |
20210416090000.0 |
| 020 |
|
|
|a 9781137000897
|
| 020 |
|
|
|a 9781137000873 (electronic book)
|
| 090 |
0 |
0 |
|a P118.2
|b .I685 2013
|
| 245 |
0 |
0 |
|a International perspectives on motivation :
|b language learning and professional challenges
|c Ema Ushioda, editor.
|
| 264 |
|
|
|a Macmilla:
|b Palgrave,
|c 2013.
|
| 300 |
|
|
|a 1 online resource (xiii, 243 pages):
|b illustrations, text file, PDF.
|
| 336 |
|
|
|a text
|2 rdacontent
|
| 337 |
|
|
|a computer
|2 rdamedia
|
| 338 |
|
|
|a online resource
|2 rdacarrier
|
| 650 |
0 |
0 |
|a Language and languages --
|x Study and teaching
|
| 650 |
0 |
0 |
|a Second language acquisition
|
| 655 |
0 |
0 |
|a Electronic books
|
| 700 |
1 |
|
|a Ushioda, Ema
|
| 856 |
4 |
2 |
|u http://library.unisel.edu.my/equip-unisel/custom/ebook_catalog/InternationalPerspectivesOnMotivation.pdf
|
| 997 |
|
|
|a Education & Social Sciences, Faculty
|b Language Education, Department
|
| 998 |
|
|
|a Education (TESL), Degree
|
| 999 |
|
|
|a EBO0005289
|b EBOOK
|c EBOOK
|e Electronic resources
|